University Home | Library Home | Institutional Repository

O valor da raca : (Record no. 187773)

MARC details
000 -LEADER
fixed length control field 00656cam7a220020500 4500
001 - CONTROL NUMBER
control field tmp15736985
003 - CONTROL NUMBER IDENTIFIER
control field UPRA
005 - DATE AND TIME OF LATEST TRANSACTION
control field 20190830110036.0
008 - FIXED-LENGTH DATA ELEMENTS--GENERAL INFORMATION
fixed length control field 951017s1915 po por u
035 ## - SYSTEM CONTROL NUMBER
System control number (Sirsi) r69374
035 ## - SYSTEM CONTROL NUMBER
System control number (UPRA)tmp15736985
040 ## - CATALOGING SOURCE
Transcribing agency UPRA
100 1# - MAIN ENTRY--PERSONAL NAME
Personal name Sardinha, Antonio, 1888-1925.
Dates associated with a name Sardinha, Antonio, 1888-1925.
Linkage A30527.1
245 12 - TITLE STATEMENT
Title O valor da raca :
Remainder of title introduc~ao a uma campanha nacional.
260 ## - PUBLICATION, DISTRIBUTION, ETC.
Place of publication, distribution, etc. Lisboa :
Name of publisher, distributor, etc. Almeida Miranda [&] Sousa,
Date of publication, distribution, etc. 1915.
504 ## - BIBLIOGRAPHY, ETC. NOTE
Bibliography, etc. note Includes bibliographical references.
650 #0 - SUBJECT ADDED ENTRY--TOPICAL TERM
Topical term or geographic name entry element Race relations.
Linkage S22134.1
949 ## - LOCAL PROCESSING INFORMATION (OCLC)
a HT1521
w lcc
i -93871
m MAIN
t BOOK
l ON-SHELF

No items available.

© 2026 - The University of Zambia Library - Koha v25.11